000 00628nam a22001457a 4500
020 _a978-0-00-726606-7
082 _a823
_bBOU/L
100 _aBOURNE, SAM
245 _aTHE LAST TESTAMENT
260 _aLONDON
_bHARPER COLLINS
_c2007
300 _a567
520 _aApril 2003: as the Baghdad Museum of Antiquities is looted, a teenage Iraqi boy finds an ancient clay tablet in a long-forgotten vault. He takes it and runs off into the night ! Several years later, at a peace rally in Jerusalem, the Israeli prime minister is about to sign a historic deal with the Palestinians.
650 _aNOVEL
_zUNITED KINGDOM
942 _cBK
999 _c2893
_d2893